01474naa a2200337 i 4500001000700000003000900007005001700016007000300033008004100036017001800077020001500095035001900110040003500129080001200164080001200176080001500188100003300203245008600236260004700322300002100369336002200390337003000412338002400442500001300466504004000479520034600519650003000865650001900895650002600914852019600940193189ES-MaACL20240824191725.0ta230930s2002 sp f 001 0 spa c aM. 39027-2002 a847491678X aRebiun16680711 aSpMaUCSC. dUMHbspacES-MaACL a615.014 a615.015 a614.27:658 aPlasencia Cano, Manuelaeaut10aManual de prácticas tuteladas en oficina de farmacia / cManuela Plasencia Cano aMadrid : bEditorial Complutense, c[2002] a312 p. ; c24 cm 2rdacontentaTexto 2rdamediaasin mediación 2rdacarrieravolumen aÍndice aBibliografía: páginas [309]-310 aRecoge, de manera esquemática, todas las cuestiones, funciones y facetas que se resuelven y desempeñan en una farmacia, y que se deben transmitir al alumno en las "Practicas tuteladas" durante su "estancia" en la Farmacia tutorial. Proporciona al farmacéutico tutor una guía práctica y útil para el desarrollo de su labor docente04aAtención farmacéutica04aFarmacología00aFarmacias-xGestión aES-MaACLbR.154596jN-9355cDEPOJgDedicatoria autógrafa de la autorahDonación: Manuela Plasencia Cano fSello seco con las iniciales de la autoraxEncuadernación rústica con solapas